Vista normal
Vista MARC
Entrada Personal Name
Número de registros utilizados en: 1
001 - CONTROL NUMBER
- control field: 43743
003 - CONTROL NUMBER IDENTIFIER
- control field: OSt
005 - DATE AND TIME OF LATEST TRANSACTION
- control field: 20240628113322.0
008 - FIXED-LENGTH DATA ELEMENTS
- fixed length control field: 240628|| aca||aabn | a|a d
040 ## - CATALOGING SOURCE
- Original cataloging agency: OSt
- Transcribing agency: OSt
100 ## - HEADING--PERSONAL NAME
- Personal name: Allen , Charles L,
- Dates associated with a name: 1913 - 2005
670 ## - SOURCE DATA FOUND
- Source citation: Work cat.: (OSt)30768: Allen , Charles L, 1913 - 2005 autor, god´s psychiatry : , ©1953